50 Cent - In da Club (lyrics) - Statistiken

Allgemein
  • Dieses Quiz wurde 87 mal gespielt
  • Das Durchschnittsergebnis liegt bei 204 aus 500
Antwortstatistiken
Antwort % Korrekt
I
99%
I'ma
99%
you
94%
[Chorus] x2 You
94%
club,
93%
club
93%
G's
91%
in
90%
In
90%
a
88%
go
86%
[Intro] Go, go, go, go, go, go, go
86%
it
86%
bi
84%
me
84%
me,
84%
the
84%
your
84%
We
81%
we
81%
birthday
80%
it's
80%
party
72%
find
71%
give
71%
like
71%
fuck
67%
shawty,
65%
shawty
65%
gon'
64%
And
62%
and
62%
can
59%
don't
59%
[Outro] Don't
59%
of
59%
full
52%
know
52%
bottle
51%
hey,
46%
sip
42%
[Verse 1] When
42%
Bacardi
39%
hug
39%
not
38%
'em
36%
love
36%
up
36%
up"
36%
my
35%
[Bridge] My
35%
on
35%
So
35%
so
35%
come
33%
to
33%
be
32%
got
32%
Got
32%
if
30%
If
30%
is
30%
that
30%
That
30%
I'm
29%
they
29%
They
29%
get
26%
sex,
26%
what
25%
where
25%
drugs
23%
then
23%
X
23%
bub'
20%
bub'...
20%
'em
20%
nigga
20%
nigga,
20%
Nigga,
20%
see
20%
she
20%
"Cuz,
19%
gettin'
19%
all
17%
havin'
17%
let
17%
makin'
17%
money
17%
money,
17%
show
17%
ain't
16%
bitch,
16%
but
16%
But
16%
Eminem,
16%
into
16%
rubbed
16%
with
16%
good
14%
Look,
14%
Look
14%
pull
14%
should
14%
want
14%
bar
13%
Dre,
13%
takin'
13%
tell
13%
than
13%
back,
12%
down,
12%
faggot-ass
12%
Her
12%
her,
12%
hit
12%
life
12%
wanna
12%
watch
12%
at
10%
by
10%
flow
10%
flow,
10%
front,
10%
fuckin'
10%
'head,
10%
mami,
10%
New
10%
Niggas
10%
niggas
10%
niggas'll
10%
off,
10%
out
10%
ready
10%
right?
10%
York,
10%
"50,
9%
fancy
9%
feelin'
9%
G-Unit
9%
hate
9%
hate,
9%
head
9%
hoes,
9%
hoes
9%
loco
9%
mad?
9%
mind
9%
more
9%
now
9%
Now
9%
put
9%
things
9%
told
9%
try
9%
tryna
9%
Xzibit
9%
about
7%
Been
7%
changed,
7%
changed
7%
chokehold
7%
happy
7%
homie,
7%
hot"
7%
how
7%
made
7%
man,
7%
motherfucker
7%
pile
7%
style,
7%
style
7%
twenty
7%
way
7%
weed
7%
Banks
6%
brought
6%
came
6%
cars,
6%
for
6%
grind
6%
holla
6%
hood
6%
L.A.,
6%
mil'
6%
move,
6%
nothin'
6%
or
6%
Or
6%
Pac
6%
pimp
6%
pop,
6%
pop
6%
roll
6%
switch
6%
thought
6%
you'd
6%
Benz
4%
bought
4%
crib,
4%
deep,
4%
done
4%
game
4%
gone
4%
heard
4%
plan
4%
rap
4%
time,
4%
you'll
4%
burn
3%
cat
3%
dough
3%
eye
3%
focused,
3%
fully
3%
jewels
3%
nines
3%
roof
3%
said
3%
still
3%
talkin'
3%
toastin'
3%
walk
3%
act
1%
clothes,
1%
cut,
1%
dubs
1%
fire,
1%
limp
1%
player
1%
sayin',
1%
upside
1%
bumpin'
0%
concerned
0%
deal
0%
few
0%
girlfriend
0%
joint
0%
mistake
0%
neither,
0%
sell
0%
shells,
0%
smiles,
0%
wink
0%
Keine übereinstimmenden Quizze gefunden
Verteilung der Resultate
Anzahl Personen mit jedem Resultat
Perzentil nach korrekt beantworteten Fragen
Ihre Resultats-Entwicklung
Sie haben dieses Quiz noch nicht gespielt